Mazes, preschool / (Record no. 102732)
[ view plain ]
| 000 -LEADER | |
|---|---|
| fixed length control field | 00541nam a2200169 a 4500 |
| 005 - DATE AND TIME OF LATEST TRANSACTION | |
| control field | 20140412111241.0 |
| 008 - FIXED-LENGTH DATA ELEMENTS--GENERAL INFORMATION | |
| fixed length control field | 010503s19uu xx 00 eng d |
| 020 ## - INTERNATIONAL STANDARD BOOK NUMBER | |
| International Standard Book Number | 0-938256-57-2 |
| 050 ## - LIBRARY OF CONGRESS CALL NUMBER | |
| Classification number | TR(GS 793.3 |
| Item number | G797 1994 |
| 100 ## - MAIN ENTRY--PERSONAL NAME | |
| Personal name | Gregorich, Barbara |
| 245 ## - TITLE STATEMENT | |
| Title | Mazes, preschool / |
| Statement of responsibility, etc | written by Barbara Gregorich; edited by Joan Hoffman; illustrated by Richard Pape. |
| 260 ## - PUBLICATION, DISTRIBUTION, ETC. (IMPRINT) | |
| Place of publication, distribution, etc | Grand Have, MI : |
| Name of publisher, distributor, etc | School Zone Publishing Company, |
| Date of publication, distribution, etc | 1994. |
| 300 ## - PHYSICAL DESCRIPTION | |
| Extent | 32p. ; ill. |
| 440 ## - SERIES STATEMENT/ADDED ENTRY--TITLE | |
| Title | A Get Ready! Book |
| 650 ## - SUBJECT ADDED ENTRY--TOPICAL TERM | |
| Topical term or geographic name as entry element | Title |
| Withdrawn status | Lost status | Damaged status | Home library | Current library | Shelving location | Date acquired | Source of acquisition | Total Checkouts | Full call number | Barcode | Date last seen | Price effective from | Koha item type |
|---|---|---|---|---|---|---|---|---|---|---|---|---|---|
| Elizalde Library | Elizalde Library | Teachers Reference Section | 05/03/2001 | TR(GS 793.3 G797 1994 | E2601 | 04/12/2014 | 04/12/2014 | Books |